| 000 | 01099nam0a22002531 4500 | ||
|---|---|---|---|
| 001 | rc\954719 | ||
| 005 | 20041129100251.7 | ||
| 035 | _a(NLR Aleph) 006125762 | ||
| 090 |
_a5508720 _c5508720 |
||
| 100 | _a20041129d1982 u |0rusy50 ca | ||
| 101 | 0 | _arus | |
| 102 | _aRU | ||
| 105 | _aa ||||||||| | ||
| 200 | 1 |
_aПочвенные беспозвоночные Московской области _e[Сб. ст.] _fАН СССР, Ин-т эволюц. морфологии и экологии животных им. А.Н. Северцова _g[Отв. ред. М.С. Гиляров] |
|
| 210 |
_aМ. _cНаука _d1982 |
||
| 215 |
_a239 с., 1 л. схем. _cил. _d21 |
||
| 320 | _aБиблиогр. в конце ст. | ||
| 702 | 1 |
_aГиляров _bМ. С. _gМеркурий Сергеевич _4340 |
|
| 712 | 0 | 2 |
_aИнститут эволюционной морфологии и экологии животных им. А.Н.Северцова _cМосква _3RU\NLR\AUTH\884586 |
| 801 | 0 |
_aRU _bNLR _gpsbo |
|
| 801 | 1 |
_aRU _bELAR _2rusmarc |
|
| 852 |
_aNLR _j83-5/1775 |
||
| 942 | _cBOOK | ||
| 980 | _aNB | ||